[Event "Interclubs Nationale IV"]
[Site "Angers"]
[Date "2001.11.18"]
[Round "2"]
[White "Guilbault, Fabien"]
[Black "Lesage, Jean-Philippe"]
[Result "1/2-1/2"]
[WhiteElo "1840"]
[BlackElo "1760"]
[Annotator "Fabien Guilbault"]
[PlyCount "99"]
[EventDate "2001.10.14"]
[WhiteTeam "Angers CEA"]
[BlackTeam "ESM Aigrefeuille"]
[WhiteTeamCountry "FRA"]
[BlackTeamCountry "FRA"]

1. e4 c5 2. Nf3 Nc6 3. d4 cxd4 4. Nxd4 Nf6 5. Nc3 e5 6. Ndb5 d6 7. Bg5 a6 8.
Na3 b5 9. Nd5 Be7 10. Bxf6 Bxf6 11. c3 Bg5 12. Nc2 Be6 {#} 13. Nce3 ({Le bon
coup pour les blancs est} 13. a4 $1 bxa4 (13... Rb8 $142) 14. Rxa4 a5 15. Bb5
Bd7 {permet au fou blanc de trouver de l'activite.}) 13... O-O 14. Bd3 Bxe3 15.
Nxe3 Ne7 16. Qf3 $146 (16. Bc2 $1 d5 17. exd5 Nxd5 18. Nxd5 Qxd5 19. Qxd5 Bxd5
20. f3 Rac8 21. O-O-O Be6 22. Rhe1 b4 23. Rxe5 bxc3 $11) 16... g6 17. O-O f5
18. exf5 gxf5 {#Une position cle, a jouer avec discernement. Ici, deux
conceptions s'opposent: les noirs possedent trois pions centraux terrifiants,
fierement installes dans le camp ennemi (de quoi effrayer un jeune 1840 !) et
des forces bien placees. Pourtant, les blancs ont de reelles compensations: la
securite du roi, une structure de pions saine et quelques possibilites
d'attaque sur les ailes. Pour les noirs, il faut donc profiter de la mobilite
des trois pions centraux pour au choix ouvrir au bon moment ou enfoncer la
defense blanche. Pour les blancs il faut contenir le centre noir et essayer de
profiter de l'affaiblissement relatif des ailes noires.} 19. Qg3+ $6 ({Le bon
coup pour les blancs est} 19. Bc2 $1 $14 {qui maintient le fou sur une belle
diagonale, pret a bondir sur h7.}) 19... Ng6 20. f4 {#} e4 $2 {Une erreur
strategique sur laquelle comptaient les blancs : les noirs se privent d'un
avantage, la mobilite des pions, pour un pion passe parfaitement bloque par le
cavalier.} ({Il fallait jouer} 20... Kh8 21. Qe1 ({ou} 21. Kh1 exf4 22. Rxf4
Nxf4 $17) 21... Nxf4 22. Bc2 Qb6 23. Kh1 {avec un pion et l'attaque pour les
noirs,}) 21. Be2 ({Il existe une refutation tactique (non vue par votre
serviteur) :} 21. Bxe4 $1 fxe4 22. f5 Bc4 23. Nxc4 bxc4 24. fxg6 Qb6+ 25. Rf2
Qxf2+ 26. Qxf2 Rxf2 27. gxh7+ Kxh7 28. Kxf2 $14) 21... Kh8 22. a3 d5 23. Rad1
Qb6 24. Rd4 Ne7 25. Kh1 Qc5 26. Rfd1 Rfd8 {#Les blancs ont contenu l'avancee
des pions noirs, font pression sur le pion arriere d5 et peuvent attaquer les
ailes par Dh4 a droite ou c4 a gauche, CQFD.} 27. Nc2 a5 28. R4d2 Rab8 29. Nd4
Bd7 30. b4 axb4 31. cxb4 Qd6 32. Rc2 Rg8 33. Qe3 Qb6 34. Rc5 Rgc8 35. Rdc1 Qf6
36. g3 Nc6 37. Nxc6 Bxc6 {[%eval -32767,0] A ce moment de la partie, ma
pendule indique 1 minute 30 contre 30 minutes pour mon adversaire ! Le fou
blanc se prend soudainement de folie et l'echiquier s'enflamme ...} 38. Bxb5 d4
39. Rxc6 Rxc6 $4 (39... dxe3 $142 {gagnait en ligne}) 40. Rxc6 $16 dxe3 41.
Rxf6 Rxb5 42. Kg1 $16 {#Une position gagnante pour les blancs.} Rd5 43. Kf1 Kg7
44. Rc6 Rd2 45. Rc3 Rxh2 46. Rxe3 Kg6 47. Rb3 Kh5 48. b5 Kg4 49. b6 e3 50. Rxe3
$4 (50. b7 $8 {qui gagne facilement. Epuise par le combat du milieu de jeu, je
n'ai plus les idees claires et mon adversaire finit par obtenir la nulle 20
coups plus tard, apres que j'aie saborde meticuleusement toutes mes chances.
Un resultat malgre tout honnete par rapport a l'ensemble de la partie, qui
permet au CEA de l'emporter face a Aigrefeuille.}) 1/2-1/2

[Event "Départementale 49"]
[Site "?"]
[Date "2021.10.17"]
[Round "1.1"]
[White "Clement, Christophe"]
[Black "Julienne, Stéphane"]
[Result "0-1"]
[WhiteElo "1199"]
[BlackElo "1309"]
[PlyCount "130"]
[EventDate "2021.??.??"]
[WhiteTeam "Angers 2"]
[BlackTeam "Angers 3"]

{[%evp 9,130,0,14,-21,-15,-31,9,6,29,27,30,0,35,21,25,16,45,38,42,0,234,-78,
-40,-758,-37,-6,0,0,55,15,69,65,49,33,61,27,44,-19,0,-30,121,124,132,105,105,
87,94,0,27,13,42,37,71,0,0,-17,-14,-38,-29,-95,-109,-292,-193,-249,-260,-253,
-120,-173,-115,-122,-54,-44,0,-1,3,-403,-445,-423,-449,-463,-461,-464,-442,
-498,-427,-488,-457,-869,-608,-1014,-1014,-866,-1156,-1136,-855,-1161,-947,
-2150,-1534,-2414,-1844,-29981,-1854,-2107,-1480,-29979,-1724,-2372,-2151,
-2152,-1489,-29982,-2822,-3012,-2372,-29989,-29990,-29990,-29991,-29990,-29989,
-29989,-29990]} 1. e4 c5 2. Nf3 d6 3. Bc4 Nc6 4. Nc3 Nf6 5. b3 a6 6. Bb2 {
B50: Défense sicilienne (avec 2...d6).} e6 7. d4 cxd4 8. Nxd4 {La position
est équilibrée.} Be7 {[#]} 9. Nxc6 $146 ({Prédécesseur:} 9. O-O O-O 10. Re1
Bd7 11. a4 Rc8 12. Bf1 Qa5 13. Na2 Qh5 14. Qxh5 Nxh5 15. Nxc6 Bxc6 16. c4 Nf6
17. Nc3 Rfd8 {1/2-1/2 (48) Shytaj,C (2223)-Obodchuk,A (2395) Pardubice 2009})
9... bxc6 10. Qf3 e5 11. a3 O-O 12. O-O Bb7 13. Rad1 Qc7 14. Ne2 {[%eval 0,18]}
(14. a4 $14 {[%eval 42,17]}) 14... Nxe4 $2 {[%eval 234,20]} (14... d5 $11 {
[%eval 0,18] et les Noirs sont OK.} 15. Bd3 g6) 15. Bd3 $2 {[%eval -78,19]} ({
Seul coup:} 15. Qxe4 $18 {[%eval 234,20] Espère Cg3.} d5 16. Bxe5) 15... Ng5
16. Qf5 {[%eval -758,20][%mdl 8192]} (16. Qg4 $15 {[%eval -40,19]}) 16... e4 $2
{[%eval -37,22]} (16... Bc8 $19 {[%eval -758,20]} 17. Qxc8 Rfxc8) 17. Bxe4 $15
Nxe4 18. Qxe4 $40 {[%mdl 128] Les Blancs démarre une attaque.} f5 {[%eval 55,
21]} (18... d5 $11 {[%eval 0,20]} 19. Qg4 f6) 19. Qf4 (19. Qd4 $2 Bf6 $17) (19.
Qc4+ {est intéressant.} Rf7 20. Nf4 Qd7 21. Nd3 d5 22. Ne5) 19... Bf6 {
[%eval 69,20]} (19... Qd7 $11 {[%eval 15,19]}) 20. Bxf6 $14 Rxf6 21. Rd3 Rc8
22. Rg3 d5 23. Qh4 {[%eval -19,21]} (23. Re3 $14 {[%eval 44,20]}) 23... Qd6 24.
Nf4 (24. Qg5 {est plus excitant.} g6 25. Nf4 Re8 26. Re3 Re4 27. Nd3) 24... Rh6
$2 {[%eval 121,23]} (24... Re8 $1 $11 {[%eval -30,19]}) 25. Qg5 $16 {[%csl Gg3]
[%cal Rg5g7] [#]} Qf6 26. Qxf6 Rxf6 27. Nh5 Rg6 28. Nf4 {[%eval 0,23]} (28. Re1
$16 {[%eval 94,23]}) 28... Rxg3 29. fxg3 $11 {[%mdl 4096] Finale RTF-RTC} g6
30. Re1 Kf7 {[%tqu "En","","","","f4e6","",10]} 31. Kf2 {[%eval 0,23]} (31. Ne6
$1 $16 {[%eval 71,24]}) 31... c5 32. c3 d4 33. cxd4 cxd4 34. b4 {[%eval -95,22]
} (34. Rd1 $11 {[%eval -29,20]}) 34... Be4 $17 35. a4 $2 {[%eval -292,21]} (35.
Rd1 $17 {[%eval -109,23]}) 35... Rc4 36. b5 {[%eval -249,23]} (36. Rd1 {
[%eval -193,21] était annoncé.}) 36... axb5 ({Pas touche} 36... Rxa4 37. bxa6
Rxa6 38. g4) 37. axb5 Rb4 {[%eval -120,21]} (37... g5 $19 {[%eval -253,22] est
plus incisif.} 38. Nh3 Rc2+ 39. Kg1 d3) 38. Rd1 {[%eval -173,22]} (38. g4 $17 {
[%eval -120,21]}) 38... Rb2+ {[%eval -115,22]} ({Beaucoup moins fort est} 38...
Rxb5 39. Rxd4 Rb2+ 40. Ne2 $17) ({les Noirs devraient jouer} 38... Kf6 $1 $19 {
[%eval -173,22]} 39. Rd2 Ke5) 39. Ke1 d3 {[%eval -54,22]} (39... g5 $17 {
[%eval -122,22]} 40. Nh3 Kg6 41. Rxd4 Bxg2) 40. Nxd3 $15 Rxg2 {[%eval 0,23]} (
40... Rxb5 $15 {[%eval -44,22]} 41. Kf1 Ke7) 41. Nc5 Rg1+ 42. Ke2 $2 {[%eval
-403,25][%mdl 8192]} (42. Kd2 $11 {[%eval 3,27]} Rxd1+ 43. Kxd1 Bf3+ 44. Kd2)
42... Bf3+ $1 $19 {[%mdl 576] [#] Enfilade, Attraction} 43. Kxf3 Rxd1 {RT-RC}
44. b6 Rb1 45. b7 Ke7 46. Kf4 Rb5 47. Nd3 Rxb7 48. Kg5 {[%eval -869,28]} (48.
Ke3 $142 {[%eval -457,23]}) 48... Kd6 49. Nf4 Ke5 50. Nd3+ Kd4 51. Nf4 Ke4 52.
Ne6 Kf3 53. Kh4 Kg2 54. h3 Rb4+ 55. Nf4+ Kf3 {[%eval -1854,22]} (55... Rxf4+
$142 {[%eval -32729,25]} 56. gxf4 h5 57. Kg5 Kxh3 58. Kh6 Kg3 59. Kxg6 Kxf4 60.
Kxh5 Ke3 61. Kh6 f4 62. Kg7 f3 63. Kg8 f2 64. Kf8 f1=Q+ 65. Ke7 Kd4 66. Ke6 Qf4
67. Kd7 Kd5 68. Ke7 Qf2 69. Kd7 Qf7+ 70. Kd8 Kc6 71. Kc8 Qg8#) 56. Kg5 Kxg3 57.
Ne2+ Kxh3 58. Kh6 Rh4+ 59. Kg7 g5 {Menace de gagner avec ...f4.} 60. Ng1+ Kg2
61. Ne2 f4 62. Nd4 f3 {Les Noirs font mat.} 63. Nf5 f2 64. Ne3+ Kf3 65. Nf1 g4
{Valeur d'erreur pondérée: Blancs=1.00/Noirs=0.52} 0-1

[Event "Départementale 49"]
[Site "?"]
[Date "2021.10.17"]
[Round "1.2"]
[White "Leterre, Baptiste"]
[Black "Moigneau, Titouan"]
[Result "1-0"]
[WhiteElo "1199"]
[BlackElo "1199"]
[PlyCount "77"]
[EventDate "2021.??.??"]
[WhiteTeam "Angers 2"]
[BlackTeam "Angers 3"]

{[%evp 9,76,11,53,49,57,46,163,126,667,674,749,751,750,712,758,745,740,731,777,
765,1022,1028,1014,933,1000,991,1025,1003,1057,1046,1133,1059,1107,1042,1149,
1045,1130,996,1126,1106,1103,1098,1117,1060,1059,1061,1914,1347,1419,1112,1930,
1434,2352,1547,1661,1151,2433,2024,2077,1546,29994,1770,29995,1827,29995,29996,
29997,29998,29999]} {Dès le 9ème coup, les Noirs perdent leur Dame à cause
d'un clouage sur le Roi, mais Titouan a néanmoins défendu autant que faire
se peut ensuite ; de mon côté, j'ai essayé d'échanger mes pièces pour
simplifier au maximum. Baptiste} 1. e4 e5 2. Nf3 Nc6 3. d4 exd4 4. Nxd4 Qf6 5.
Nxc6 Qxc6 {[%eval 53,19]} (5... Bc5 $11 {[%eval 11,18]} 6. Qf3 bxc6) 6. Bd3 {
C45: Partie écossaise.} Bc5 7. O-O Nf6 {[%eval 163,20]} (7... Ne7 $14 {[%eval
46,18]}) 8. Nc3 {Les Blancs sont nettement mieux.} d6 $2 {[%eval 667,20][%mdl
8192]} (8... Kf8 $16 {[%eval 126,18]}) 9. Bb5 $18 Bd7 10. Bxc6 Bxc6 {[#]} 11.
Re1 $146 ({Prédécesseur:} 11. Qf3 O-O-O 12. Bg5 Rd7 13. Bxf6 gxf6 14. Qxf6
Rhd8 15. Qf5 Bd4 16. Qh3 Bxc3 17. Qxc3 {1-0 (37) Ruedel,A (1216)-Oesterle,S 
(1136) Lindau 2002}) 11... O-O-O 12. Be3 Bb4 13. Qd4 Bc5 14. Qc4 Rd7 15. Bxc5
dxc5 16. f3 a6 17. Qxc5 Re8 18. Rad1 Rde7 19. Qa7 {[%cal Ra7a8] [#]} b6 20.
Qxa6+ Bb7 21. Qa3 Re5 22. Qb3 R8e7 23. Kf2 h5 24. Nd5 R7e6 25. Nxf6 Rxf6 26.
Qb4 {[#] Prévoit Df8+ et mat.} Re8 27. e5 Rf5 28. Qd4 {Menace fortement Dd7+.}
Bc6 29. Re3 {visant Tc3.} g5 30. Rc3 Rf4 31. Qe3 Kb7 32. Rd4 Rf5 {[%tqu "En",
"","","","c3c6","",10]} 33. Rxc6 $1 Rexe5 (33... Kxc6 34. Qe4+) 34. Qc3 Ka6 35.
Ra4+ Ra5 36. Rxa5+ {[%eval 1827,5]} (36. Qc4+ $142 {[%eval 32758,12]} Rfb5 37.
Rxa5+ {[%mdl 64] Clouage} Kb7 38. Rxc7+ {[%mdl 64] Attaque double} Kb8 39. Rc8+
Kb7 40. Qc7#) 36... Rxa5 37. Rxc7 {Les Blancs font mat.} f5 38. Qc4+ b5 39.
Qc6# {Les Noirs ont été dominés après l'ouverture.  Valeur d'erreur
pondérée: Blancs=0.16/Noirs=1.53} 1-0

[Event "Départementale 49"]
[Site "?"]
[Date "2021.10.17"]
[Round "1.3"]
[White "Legendre, Aurélien"]
[Black "Delattre, Julien"]
[Result "0-1"]
[WhiteElo "1166"]
[BlackElo "1199"]
[PlyCount "62"]
[EventDate "2021.??.??"]
[WhiteTeam "Angers 2"]
[BlackTeam "Angers 3"]

{[%evp 10,61,-25,-28,-28,-38,-16,-15,-27,-30,-31,-108,-9,-49,-38,-40,-33,-116,
-49,-126,-52,-199,-46,-183,-196,-189,-41,-33,-34,-30,-35,-39,-39,-688,-72,-670,
-135,-378,-183,-173,-124,-105,-90,-141,0,-94,-81,-121,-107,-140,-120,-292,-278,
-29999]} 1. d4 Nf6 2. f4 b6 3. e3 Bb7 4. Nf3 e6 5. Be2 Be7 6. O-O O-O {A02:
Ouverture Bird.} 7. Nbd2 d6 {[#]} 8. b3 $146 ({Prédécesseur:} 8. Nb3 Nbd7 9.
Bd2 Ne4 10. Be1 Ndf6 11. Qc1 Rc8 12. Nbd2 d5 13. Ne5 c5 14. c3 {0-1 (40)
Kaegeler,P (1757)-Eichstaedt,T (1861) Germany 2006}) 8... Nbd7 {La position
est équilibrée.} 9. h3 c5 10. Bb2 {[%eval -108,20]} (10. c4 $15 {[%eval -31,
18]}) 10... cxd4 {[%eval -9,19]} (10... Nd5 $17 {[%eval -108,20]} 11. Nc4 b5)
11. Bxd4 Rc8 12. c4 Re8 13. g4 {[%eval -116,20]} (13. Kh1 $15 {[%eval -33,16]})
{[%tqu "En","","","","e6e5","",10]} 13... Nc5 {[%eval -49,18]} (13... e5 $1 $17
{[%eval -116,20][%mdl 512]} 14. Bb2 (14. fxe5 dxe5) 14... Qc7 15. fxe5 dxe5)
14. Qb1 {[%eval -126,20]} ({Meilleur est} 14. Qc2 $15 {[%eval -49,18]}) {
[%tqu "En","","","","e6e5","",10]} 14... Nfe4 {[%eval -52,20]} (14... e5 $1 $17
{[%eval -126,20][%cal Re5d4][%mdl 512]} 15. Bb2 (15. fxe5 dxe5) 15... Qd7) 15.
Qb2 {[%eval -199,21]} (15. Nxe4 $15 {[%eval -52,20]} Nxe4 16. Bd3) {[%tqu "En",
"","","","e6e5","",10]} 15... Bf6 $2 {[%eval -46,21] [#]} (15... e5 $1 $19 {
[%eval -199,21][%mdl 512]} 16. fxe5 Ng3 17. Bxc5 Nxf1 18. Bxd6 Bxd6 19. Rxf1
Bb4) 16. g5 {[%eval -183,21]} (16. Bxf6 $15 {[%eval -46,21]} Qxf6 17. Qxf6 Nxf6
18. b4) 16... Bxd4 $19 17. exd4 Nxd2 {[%eval -41,20]} ({les Noirs devraient
essayer} 17... Ng3 $19 {[%eval -189,21]} 18. Rae1 Nxf1 19. Bxf1 Nd7) 18. Nxd2
$15 Ne4 19. Nxe4 Bxe4 20. Rfd1 d5 21. cxd5 $2 {[%eval -688,21][%mdl 8192]} (21.
Qc3 $15 {[%eval -39,17]}) 21... Bxd5 $2 {[%eval -72,20]} (21... Rc2 $19 {
[%eval -688,21] est plus incisif.} 22. Qxc2 Bxc2) 22. Qa3 {[%eval -670,22]
[%mdl 8192]} (22. Rac1 $17 {[%eval -72,20]}) 22... Rc7 $2 {[%eval -135,22]} (
22... Rc2 $19 {[%eval -670,22]} 23. Qa6 Qc7) 23. Rdc1 $2 {[%eval -378,21]} (23.
Rac1 $17 {[%eval -135,22]}) 23... Rxc1+ {[%eval -183,22]} (23... Bb7 $142 {
[%eval -378,21]} 24. Kf1 Rxc1+ 25. Rxc1 Qb8) 24. Rxc1 $19 Qb8 {[%eval -124,24]}
({les Noirs devraient jouer} 24... h6 $19 {[%eval -173,21]} 25. Rc3 hxg5) 25.
Rf1 $17 Rc8 {Espère ...Tc3.} 26. Rc1 {[%eval -141,21]} (26. Qb2 $142 {[%eval
-90,24]}) 26... Re8 {[%eval -94,20]} (26... Rf8 $142 {[%eval -141,21]} 27. Rf1
f6) 27. Rf1 Qa8 28. b4 Qb8 29. Bb5 Rc8 {Les Blancs doivent éviter ...Tc2.} 30.
f5 $2 {[%eval -292,20]} (30. Rc1 $17 {[%eval -120,20]}) 30... Rc2 $19 {[%csl
Gc2][%cal Rb8h2]} 31. Qe3 $2 {[%eval -32765,6] [#]} (31. Rf2 $19 {[%eval -278,
20]} Rxf2 32. Kxf2) 31... Qh2# {Valeur d'erreur pondérée: Blancs=1.17/
Noirs=0.87} 0-1

[Event "Départementale 49"]
[Site "?"]
[Date "2021.10.17"]
[Round "1.4"]
[White "Sardin, Loup"]
[Black "Poisson, Benjamin"]
[Result "0-1"]
[WhiteElo "1199"]
[BlackElo "1199"]
[PlyCount "74"]
[EventDate "2021.??.??"]
[WhiteTeam "Angers 2"]
[BlackTeam "Angers 3"]

{[%evp 9,74,31,31,0,88,91,89,88,96,34,102,100,82,13,242,185,209,248,446,432,
811,271,689,643,1030,726,743,282,269,182,185,139,148,0,0,-55,0,-72,-78,-53,0,
-42,320,132,112,-15,29986,29987,29991,763,29992,-163,-75,-360,0,-614,30,-872,
-884,-896,-786,-905,-896,-863,-905,-898,-543]} 1. d4 e5 2. dxe5 Nc6 3. Nf3 Qe7
4. Bg5 Qb4+ 5. Nbd2 Qxb2 6. Bf4 {[#] A40: Ouverture du Pion Dame.} Bc5 $146 {
[%eval 88,21]} (6... Nb4 $11 {[%eval 0,21] assure la nulle.} 7. Rc1 Nd5) ({
Prédécesseur:} 6... Bb4 7. e3 Nge7 8. Bc4 Bxd2+ 9. Nxd2 Ng6 10. Rb1 Qa3 11.
e6 dxe6 12. Bxc7 Qe7 {0-1 (22) Fehlau,K (1404)-Witte,T (1668) Troisdorf 2008})
7. e3 $16 Nge7 8. Bd3 {Les Blancs sont mieux.} Ng6 {[%cal Rc6e5]} 9. e6 {
[%eval 34,19]} (9. O-O $16 {[%eval 96,19]}) 9... Nxf4 {[%eval 102,17]} (9...
dxe6 $14 {[%eval 34,19]} 10. Bxc7 O-O) 10. exf7+ Kxf7 11. Ng5+ {[%eval 13,20]}
(11. exf4 $16 {[%eval 82,21]} d5 12. O-O) 11... Kf6 $2 {[%eval 242,20]} (11...
Kg8 $11 {[%eval 13,20]} 12. exf4 d5) 12. Nge4+ Kf7 13. exf4 {[#] Et maintenant
Tb1 devrait gagner.} ({Mais surtout pas} 13. Nxc5 $6 Nxd3+ 14. Nxd3 Qf6 $14)
13... Re8 $2 {[%eval 446,21]} (13... Bb4 {[%eval 248,19]} 14. O-O Kf8) 14. O-O
Be7 {[%eval 811,21]} (14... g6 $142 {[%eval 432,19]} 15. Nxc5 Kg7) 15. Qh5+ $2
{[%eval 271,25]} (15. Rb1 {[%eval 811,21]} Qd4 16. Nf3) 15... Kf8 $2 {[%eval
689,23]} (15... g6 {[%eval 271,25]} 16. Qxh7+ Qg7 17. Ng5+ Bxg5 18. Bxg6+ Kf8)
16. Qxh7 $18 ({Moins fort est} 16. Bc4 g6 $16) 16... Bf6 17. Nxf6 Qxf6 18. Bc4
$2 {[%eval 282,22]} (18. Rfe1 {[%eval 743,22] les Blancs veulent mater par
Dh8+.} Re6 19. Qh8+ Ke7 20. f5) 18... d5 19. Qh8+ Ke7 20. Rfe1+ $40 {[%eval
139,21][%mdl 128] Les Blancs attaquent avec force.} (20. Qh5 $18 {[%eval 185,
21]} Be6 21. Bxd5) 20... Be6 $16 {[%tqu "En","","","","h8h5","",10]} 21. Rxe6+
{[%eval 0,25]} ({les Blancs ne peuvent que jouer} 21. Qh5 $1 $16 {[%eval 148,
21]} Kf8 22. Bxd5 Bxd5 23. Qxd5) 21... Kxe6 $11 22. Qh3+ {[%eval -55,23]} ({
Meilleur est} 22. Re1+ $11 {[%eval 0,25]} Kd7 23. Qh3+ Kd6 24. Qa3+ Kd7 25.
Qh3+ Kd6 26. Qa3+ Kd7 27. Qh3+) 22... Kd6 $15 23. Qa3+ {[%eval -72,25]} (23.
Rd1 $11 {[%eval 0,21]} Qxf4 24. g3) 23... Kd7 $17 24. Qh3+ Kd6 {[%eval 0,21]} (
24... Kd8 $15 {[%eval -53,22]} 25. Rd1 Qxf4) {[%tqu "En","","","","h3a3","",10]
} 25. Rd1 {[%eval -42,20]} (25. Qa3+ $1 $11 {[%eval 0,21] est supérieur.} Kd7
26. Rd1) 25... Qd4 $2 {[%eval 320,20][%mdl 8192]} (25... Qxf4 $15 {[%eval -42,
20] garde la main.} 26. Qd3 Qd4 27. Qg3+ Kd7 28. Qh3+ Kd8) 26. c3 {[%eval 132,
22]} (26. Qf3 $18 {[%eval 320,20]} Rad8 27. c3) 26... Qxf4 $16 {[%tqu "En","",
"","","h3d3","",10]} 27. g3 {[%eval -15,19]} ({les Blancs devraient essayer} 
27. Qd3 $1 $16 {[%eval 112,22][%cal Rd3d5]} Re5 28. Nf3) 27... Qf6 $2 {[%eval
32740,19][%mdl 8192] [#]} (27... Qf7 $11 {[%eval -15,19]}) {[%tqu "En","","",
"","d2e4","",10]} 28. Ne4+ $1 Rxe4 29. Rxd5+ Ke7 {[%tqu "En","","","","h3d7",
"",10]} 30. Rd7+ $4 {[%eval -163,5][%mdl 8192]} (30. Qd7+ $1 {[%eval 32752,18]
fait mat} Kf8 31. Rh5 Re1+ 32. Kg2 Qxf2+ 33. Kxf2 Re2+ {[%mdl 64] Déviation}
34. Kxe2 Re8+ 35. Kf1 Re1+ 36. Kxe1 g6 37. Rh8#) 30... Ke8 $19 31. Rxc7 $2 {
[%eval -360,24][%mdl 8192]} (31. Bf7+ $17 {[%eval -75,24]} Qxf7 32. Rxf7 Re1+
33. Kg2 Kxf7 34. Qf5+ Ke8 35. Qh5+ Ke7 36. Qg5+ Kf8 37. Qf5+ Ke7 38. Qg5+ Kf7
39. Qf5+ Ke7 40. Qg5+) 31... Rxc4 $2 {[%eval 0,22]} (31... Re7 $19 {[%eval
-360,24]} 32. Qh8+ Qf8 33. Qh5+ Kd8 34. Rxe7 Kxe7) 32. Rxb7 {[%eval -614,21]
[%mdl 8192]} (32. Qh8+ $11 {[%eval 0,22]} Qf8 33. Qh5+ g6 34. Qxg6+ (34. Qd5
Ne7 $11) 34... Kd8 35. Rf7) 32... Rxc3 $2 {[%eval 30,24]} ({les Noirs
devraient jouer} 32... Rc5 $19 {[%eval -614,21]} 33. Qh8+ Qf8) 33. Qh5+ $2 {
[%eval -872,5][%mdl 8192]} (33. Qh8+ $11 {[%eval 30,24]} Qf8 34. Qh5+ g6 35.
Qxg6+ Kd8 36. Rf7) 33... g6 {Les Noirs sont clairement gagnants.} 34. Qh7 Rc1+
35. Kg2 Ne7 {Menace de gagner avec ...Dc6+.} 36. Rxe7+ Qxe7 37. Qg8+ Kd7 {
Les deux joueurs méritaient la victoire.  Valeur d'erreur pondérée:
Blancs=1.24/Noirs=1.36} 0-1

[Event "Coupe Loubatière - Phase Départementale"]
[Site "?"]
[Date "2021.11.11"]
[Round "1.4"]
[White "Swietlik, Nicolas"]
[Black "Leterre, Baptiste"]
[Result "0-1"]
[WhiteElo "1085"]
[BlackElo "1199"]
[Annotator "Analyse tactique 4.0 (6s)"]
[PlyCount "64"]
[WhiteTeam "Segré"]
[BlackTeam "Angers"]

{[%evp 11,64,22,28,-85,-97,-84,-77,-164,-144,-149,-99,-100,-102,-109,-95,-181,
-137,-154,-137,-158,-160,-169,-144,-155,-119,-133,-116,-116,-109,-136,-112,
-115,-109,-125,-117,-155,-101,-161,-151,-154,-132,-209,-198,-215,-156,-289,
-278,-329,-221,-653,-620,-1190,-1201,-1136,-667]} 1. e4 e5 2. Nf3 Nc6 3. d4
exd4 4. Nxd4 Qf6 5. Be3 Bc5 6. c3 d6 7. Nxc6 {[%eval -85,22] C45: Partie
écossaise.} (7. Nd2 $11 {[%eval 28,16]}) 7... Bxe3 $17 8. fxe3 bxc6 9. Be2 {
[%eval -164,19]} (9. Qf3 $17 {[%eval -77,20]}) 9... Qh4+ $19 {[#]} 10. Kd2 $146
({Prédécesseur:} 10. g3 Qxe4 11. O-O Bh3 12. Rf4 Qg2# {0-1 (12) Fellberg,J 
(1620)-Tietz,B (1624) Playchess.com INT 2020}) 10... Qxe4 {[%eval -99,20]} (
10... Nf6 $142 {[%eval -149,18] visant ...Tb8.} 11. Bf3 O-O) 11. Bf3 $17 Qc4
12. Na3 {[%tqu "En","","","","c4a6","",10]} Qa6 13. Ke1 {[%eval -181,21]} (13.
Nc2 $17 {[%eval -95,18]} Ne7 14. Nb4) 13... Ne7 {[%eval -137,19]} (13... Rb8
$19 {[%eval -181,21]} 14. Nc2 c5) 14. Kf2 O-O 15. Re1 Rb8 16. Qd2 d5 17. Kg1
Qb6 18. b4 Be6 19. Nc2 c5 20. Rab1 cxb4 21. Rxb4 Qd6 22. Reb1 c5 23. Rb5 a6 {
[%eval -101,21]} ({Meilleur est} 23... Rxb5 {[%eval -155,19]} 24. Rxb5 Ng6) 24.
R5b2 {[%eval -161,20]} (24. Rxb8 $17 {[%eval -101,21]} Rxb8 25. Rxb8+ Qxb8 26.
Ne1) 24... Rxb2 $19 25. Rxb2 Rb8 26. Qc1 {[%eval -209,22]} (26. Rxb8+ $17 {
[%eval -132,20] valait d'être tenté.} Qxb8 27. Ne1) 26... Rxb2 27. Qxb2 h6
28. a3 {[%eval -289,23]} (28. Ne1 $17 {[%eval -156,18] est une meilleure
défense.}) 28... Qe5 29. Qb3 d4 30. Qb1 {[%eval -653,18] [#]} (30. Qb6 {
[%eval -221,20]} Qf5 31. Ne1 dxc3 32. Qd8+ Kh7 33. Qd3 Qxd3 34. Nxd3) 30... d3
{Les Noirs sont clairement gagnants.} 31. Ne1 Qxe3+ 32. Kh1 Bf5 {Valeur
d'erreur pondérée: Blancs=0.79/Noirs=0.20} 0-1